Marriage, divorce, and remarriage in the Bible / (Record no. 21739)
[ view plain ]
| 000 -LEADER | |
|---|---|
| fixed length control field | 01250pam a2200337 a 4500 |
| 001 - CONTROL NUMBER | |
| control field | 987726 |
| 005 - DATE AND TIME OF LATEST TRANSACTION | |
| control field | 20260701160637.0 |
| 008 - FIXED-LENGTH DATA ELEMENTS--GENERAL INFORMATION | |
| fixed length control field | 860221t19861980nju b 000 0 eng |
| 010 ## - LIBRARY OF CONGRESS CONTROL NUMBER | |
| LC control number | 86004125 |
| 020 ## - INTERNATIONAL STANDARD BOOK NUMBER | |
| International Standard Book Number | 0310511119 |
| 020 ## - INTERNATIONAL STANDARD BOOK NUMBER | |
| International Standard Book Number | 9780310511113 |
| 035 ## - SYSTEM CONTROL NUMBER | |
| System control number | 987726 |
| 040 ## - CATALOGING SOURCE | |
| Original cataloging agency | DLC |
| Transcribing agency | DLC |
| Modifying agency | DLC |
| 050 00 - LIBRARY OF CONGRESS CALL NUMBER | |
| Classification number | BS680.M35 |
| Item number | A22 1986 |
| 082 00 - DEWEY DECIMAL CLASSIFICATION NUMBER | |
| Classification number | 234/.165 |
| Edition number | 19 |
| 100 1# - MAIN ENTRY--PERSONAL NAME | |
| Personal name | Adams, Jay E. |
| Dates associated with a name | 1929- |
| 245 10 - TITLE STATEMENT | |
| Title | Marriage, divorce, and remarriage in the Bible / |
| Statement of responsibility, etc. | Jay E. Adams. |
| 260 ## - PUBLICATION, DISTRIBUTION, ETC. (IMPRINT) | |
| Place of publication, distribution, etc. | [Phillipsburg, N.J.] : |
| Name of publisher, distributor, etc. | Presbyterian and Reformed Pub. Co. ; |
| Place of publication, distribution, etc. | Grand Rapids, Mich. : |
| Name of publisher, distributor, etc. | Ministry Resources Library, |
| Date of publication, distribution, etc. | [1986], c1980. |
| 300 ## - PHYSICAL DESCRIPTION | |
| Extent | xv, 99 p. ; |
| Dimensions | 22 cm. |
| 490 1# - SERIES STATEMENT | |
| Series statement | The Jay Adams library |
| 504 ## - BIBLIOGRAPHY, ETC. NOTE | |
| Bibliography, etc | Includes bibliographical references. |
| 650 #0 - SUBJECT ADDED ENTRY--TOPICAL TERM | |
| Topical term or geographic name as entry element | Marriage |
| General subdivision | Biblical teaching. |
| 650 #0 - SUBJECT ADDED ENTRY--TOPICAL TERM | |
| Topical term or geographic name as entry element | Divorce |
| General subdivision | Biblical teaching. |
| 650 #0 - SUBJECT ADDED ENTRY--TOPICAL TERM | |
| Topical term or geographic name as entry element | Remarriage |
| General subdivision | Biblical teaching. |
| 800 1# - SERIES ADDED ENTRY--PERSONAL NAME | |
| Personal name | Adams, Jay E. |
| Dates associated with a name | 1929- |
| Title of a work | Jay Adams library. |
| 856 42 - ELECTRONIC LOCATION AND ACCESS | |
| Materials specified | Publisher description |
| Uniform Resource Identifier | <a href="http://www.loc.gov/catdir/enhancements/fy0633/86004125-d.html">http://www.loc.gov/catdir/enhancements/fy0633/86004125-d.html</a> |
| 583 ## - ACTION NOTE | |
| Action | Cataloguing: |
| Time/date of action | 20260701 |
| Action agent | mketermketer |
| 906 ## - LOCAL DATA ELEMENT F, LDF (RLIN) | |
| a | 7 |
| b | cbc |
| c | orignew |
| d | 1 |
| e | ocip |
| f | 19 |
| g | y-gencatlg |
| 942 ## - ADDED ENTRY ELEMENTS (KOHA) | |
| Source of classification or shelving scheme | Library of Congress Classification |
| Koha item type | General Collection |
| Withdrawn status | Lost status | Source of classification or shelving scheme | Not for loan | Home library | Current library | Shelving location | Date acquired | Source of acquisition | Inventory number | Total Checkouts | Full call number | Barcode | Date last seen | Copy number | Price effective from | Koha item type |
|---|---|---|---|---|---|---|---|---|---|---|---|---|---|---|---|---|
| Library of Congress Classification | Kabarak, Main Campus | Kabarak, Main Campus | General Stacks | 01/07/2026 | Donation | 2026/4342 | BS680.M35 A22 1986 C.1 | 38150 | 01/07/2026 | C.1 | 01/07/2026 | General Collection |